Setback and Recovery (Record no. 10863)
[ view plain ]
| 000 -LEADER | |
|---|---|
| fixed length control field | 00483nam a22001817a 4500 |
| 003 - CONTROL NUMBER IDENTIFIER | |
| control field | OSt |
| 005 - DATE AND TIME OF LATEST TRANSACTION | |
| control field | 20220701163247.0 |
| 008 - FIXED-LENGTH DATA ELEMENTS--GENERAL INFORMATION | |
| fixed length control field | 220701b |||||||| |||| 00| 0 eng d |
| 020 ## - INTERNATIONAL STANDARD BOOK NUMBER | |
| International Standard Book Number | 8172141334 |
| 040 ## - CATALOGING SOURCE | |
| Original cataloging agency | OCLC |
| Transcribing agency | DDC |
| 082 ## - DEWEY DECIMAL CLASSIFICATION NUMBER | |
| Classification number | 270.3 |
| Item number | F755S |
| 100 ## - MAIN ENTRY--PERSONAL NAME | |
| Personal name | Foster,John |
| 245 ## - TITLE STATEMENT | |
| Title | Setback and Recovery |
| Remainder of title | Church History AD 500-1500 |
| Statement of responsibility, etc. | Foster, John, ISPCK |
| 260 ## - PUBLICATION, DISTRIBUTION, ETC. | |
| Place of publication, distribution, etc. | New Delhi |
| Name of publisher, distributor, etc. | ISPCK |
| Date of publication, distribution, etc. | C,1994 |
| 300 ## - PHYSICAL DESCRIPTION | |
| Extent | 201p.: |
| Other physical details | ill:map |
| 440 ## - SERIES STATEMENT/ADDED ENTRY--TITLE | |
| Title | Setback and Recovery |
| 942 ## - ADDED ENTRY ELEMENTS (KOHA) | |
| Source of classification or shelving scheme | Dewey Decimal Classification |
| Koha item type | Books |
No items available.
